Detalles MARC
| 000 -LEADER |
| fixed length control field |
03414nam a2200481Ii 4500 |
| 001 - CONTROL NUMBER |
| control field |
DIGIBE0501 |
| 003 - CONTROL NUMBER IDENTIFIER |
| control field |
NyNyDIG |
| 006 - FIXED-LENGTH DATA ELEMENTS--ADDITIONAL MATERIAL CHARACTERISTICS |
| fixed length control field |
m o d |
| 007 - PHYSICAL DESCRIPTION FIXED FIELD--GENERAL INFORMATION |
| fixed length control field |
cr ||||||||||| |
| 008 - FIXED-LENGTH DATA ELEMENTS--GENERAL INFORMATION |
| fixed length control field |
140101s2010 sp ob 000 0 spa d |
| 020 ## - INTERNATIONAL STANDARD BOOK NUMBER |
| International Standard Book Number |
9783954871537 |
| Qualifying information |
(eBook) |
| 020 ## - INTERNATIONAL STANDARD BOOK NUMBER |
| Canceled/invalid ISBN |
9788484895008 (Vervuert: pbk.) |
| 020 ## - INTERNATIONAL STANDARD BOOK NUMBER |
| Canceled/invalid ISBN |
8484895009 (Vervuert: pbk.) |
| 020 ## - INTERNATIONAL STANDARD BOOK NUMBER |
| Canceled/invalid ISBN |
9783865275592 (Iberoamericana: pbk.) |
| 020 ## - INTERNATIONAL STANDARD BOOK NUMBER |
| Canceled/invalid ISBN |
3865275591 (Iberoamericana: pbk.) |
| 020 ## - INTERNATIONAL STANDARD BOOK NUMBER |
| Canceled/invalid ISBN |
9786077588238 (Bonilla Artigas: pbk.) |
| 020 ## - INTERNATIONAL STANDARD BOOK NUMBER |
| Canceled/invalid ISBN |
6077588237 (Bonilla Artigas: pbk.) |
| 035 ## - SYSTEM CONTROL NUMBER |
| System control number |
(OCoLC)899005657 |
| 040 ## - CATALOGING SOURCE |
| Original cataloging agency |
DGITA |
| Language of cataloging |
eng |
| Description conventions |
pn |
| Transcribing agency |
DGITA |
| 043 ## - GEOGRAPHIC AREA CODE |
| Geographic area code |
e-sp--- |
| -- |
nc----- |
| -- |
n-mx--- |
| -- |
cl----- |
| 050 14 - LIBRARY OF CONGRESS CALL NUMBER |
| Classification number |
PC4025 eBook |
| 245 00 - TITLE STATEMENT |
| Title |
Nuevos hispanismos interdisciplinarios y trasatlánticos / |
| Statement of responsibility, etc. |
Julio Ortega (ed.). |
| 264 #1 - PRODUCTION, PUBLICATION, DISTRIBUTION, MANUFACTURE, AND COPYRIGHT NOTICE |
| Place of production, publication, distribution, manufacture |
Madrid : |
| Name of producer, publisher, distributor, manufacturer |
Iberoamericana ; |
| Place of production, publication, distribution, manufacture |
Frankfurt am Main : |
| Name of producer, publisher, distributor, manufacturer |
Vervuert ; |
| Place of production, publication, distribution, manufacture |
México, D.F. ; Bonilla Artigas, |
| Date of production, publication, distribution, manufacture, or copyright notice |
2010. |
| 300 ## - PHYSICAL DESCRIPTION |
| Extent |
1 online resource (316 pages) |
| 336 ## - CONTENT TYPE |
| Content type term |
text |
| Content type code |
txt |
| Source |
rdacontent |
| 337 ## - MEDIA TYPE |
| Media type term |
computer |
| Media type code |
c |
| Source |
rdamedia |
| 338 ## - CARRIER TYPE |
| Carrier type term |
online resource |
| Carrier type code |
cr |
| Source |
rdacarrier |
| 490 1# - SERIES STATEMENT |
| Series statement |
Nuevos hispanismos ; |
| Volume/sequential designation |
1. |
| 504 ## - BIBLIOGRAPHY, ETC. NOTE |
| Bibliography, etc. note |
Includes bibliographical references. |
| 505 0# - FORMATTED CONTENTS NOTE |
| Formatted contents note |
El hispanismo medievalista del siglo XXI / Ángel Gómez Moreno -- La hispanofonía, la lingüística hispánica y las Academias de la Lengua: propuestas para una nueva cultura lingüística / Klaus Zimmermann -- Memoria histórica y derechos humanos: lecciones de Hispanoamérica / Hernando Valencia Villa -- ¿El premio será otra carrera? (El lugar de la mujer escritora en el hispanismo del futuro) / Susana Reisz -- Cosmopolitismo y latinoamericanismo: nuevas propuestas para los estudios literarios / Ricardo Gutiérrez-Mouat -- Laboratorios fantásticos: literatura y ciencia / Margery Arent Safir -- Los estudios cinematográficos y televisivos: localismo y trasnacionalidad / Paul Julian Smith -- Bloqueo Digital: perversidad en las autobiografías público-privadas / Enric Bou -- Nuevos Hispanismos en Estados Unidos: para una ética del aula / Aránzazu Borrachero Mendibil -- El hispanismo en Estados Unidos: la literatura, estudios culturales y lingüística en el panorama actual / Anke Birkenmaier -- Escenarios de la crítica latinoamericanista: una visión desde Argentina (del descontento a la promesa) / Beatriz Colombi -- La construcción del hispanismo trasatlántico: lecciones de una polémica mexicana sobre el idioma / José del Valle -- Las estructuras y el viaje (hacia un nuevo hispanismo) / Jorge Carrión -- El discurso sobre la sierra del Perú: la fantasía del atraso / Víctor Vich -- Hacia una lectura trasatlántica de Borges: el aleph en el espejo como aleph en la literatura espan̋ola / Vicente Luis Mora -- Zona sotádica: historias del cuerpo y sexualidades fronterizas / Juan Francisco Ferré. |
| 650 #0 - SUBJECT ADDED ENTRY--TOPICAL TERM |
| Topical term or geographic name entry element |
Spanish philology. |
| 650 #0 - SUBJECT ADDED ENTRY--TOPICAL TERM |
| Topical term or geographic name entry element |
Spanish literature |
| General subdivision |
Study and teaching. |
| 650 #0 - SUBJECT ADDED ENTRY--TOPICAL TERM |
| Topical term or geographic name entry element |
Spanish literature |
| General subdivision |
History and criticism. |
| 650 #0 - SUBJECT ADDED ENTRY--TOPICAL TERM |
| Topical term or geographic name entry element |
Spanish language |
| General subdivision |
Study and teaching. |
| 655 #0 - INDEX TERM--GENRE/FORM |
| Genre/form data or focus term |
Electronic books. |
| 700 1# - ADDED ENTRY--PERSONAL NAME |
| Personal name |
Ortega, Julio, |
| Dates associated with a name |
1942- |
| 791 2# - |
| -- |
Digitalia (Firm), |
| -- |
distributor. |
| 793 0# - |
| -- |
Digitalia eBook Collection: |
| -- |
Iberoamericana/Vervuert. |
| 830 #0 - SERIES ADDED ENTRY--UNIFORM TITLE |
| Uniform title |
Nuevos hispanismos ; |
| Volume/sequential designation |
1. |
| 856 40 - ELECTRONIC LOCATION AND ACCESS |
| Materials specified |
Digitalia Hispánica |
| Uniform Resource Identifier |
<a href="https://www.digitaliapublishing.com/a/23406/">https://www.digitaliapublishing.com/a/23406/</a> |
| 910 ## - USER-OPTION DATA (OCLC) |
| User-option data |
Premium Collection: 2007-2012 |
| 942 ## - ADDED ENTRY ELEMENTS (KOHA) |
| Koha item type |
Recurso Electrónico |